000 00672nam a2200181Ia 4500
008 090124s9999 xx 000 0 und d
082 _b128164
100 _aमाडगूळकर ग.दि.
245 _a चैत्रबन ( गाजलेली चित्रपट गीते )
250 _a3
260 _c1992
300 _a325
600 _aमाडगूळकर ग.दि.
630 _a चैत्रबन ( गाजलेली चित्रपट गीते )
700 _aमाडगूळकर ग.दि.
730 _a चैत्रबन ( गाजलेली चित्रपट गीते )
942 _cBOOK
999 _c174253
_d174253